| 000 | 00754nam a2200157 a 4500 | ||
|---|---|---|---|
| 001 | 000033710 | ||
| 005 | 20240229073830.0 | ||
| 008 | 110906s1891 dr c 000 0 spa d | ||
| 040 |
_aDO-SdBNP _bspa _cBNPHU |
||
| 082 |
_axxx _bH519e |
||
| 100 | 1 |
_aHenríquez i Carvajal, Federico, _d1848-1952 _97792 |
|
| 245 | 1 | 0 |
_aElogio patriótico pronunciado por el orador de orden, desde el Baluarte del 27 de febrero, en el acto de honores tributados al Jeneral Ramón Mella con motivo de la traslación de sus restos a la capital de la República en el XLVII aniversario de la Patria / _cFederico Henríquez i Carvajal. |
| 246 | 1 | 2 |
_aRamón Mella _belogio patriótico |
| 260 |
_aSanto Domingo : _bImprenta Quisqueya, _c1891. |
||
| 300 |
_a12, xii p. : _bretr. ; _c24 cm. |
||
| 999 |
_c33201 _d33201 |
||